[Event "San Francisco TNM Fall op"]
[Site "San Francisco"]
[Date "2011.11.08"]
[Round "4"]
[White "Wong, Russell"]
[Black "Chamberlain, Ethan J"]
[Result "1/2-1/2"]
[WhiteElo "2200"]
[BlackElo "1930"]
[PlyCount "101"]
[EventDate "2011.10.18"]
[EventType "swiss"]
[EventRounds "9"]
[EventCountry "USA"]
[SourceTitle "EXT 2016"]
[Source "ChessBase"]
[SourceDate "2015.10.08"]
[SourceVersion "1"]
[SourceVersionDate "2015.10.08"]
[SourceQuality "1"]

1. e4 c5 2. Nf3 g6 3. c3 d5 4. e5 Nc6 5. d4 Bg4 6. Be2 cxd4 7. cxd4 Nh6 8. Nc3 Nf5 9. Ng5 Bxe2 10. Nxe2 Qb6 11. Nf3 Bg7 12. 0-0 0-0 13. b3 Rac8 14. Bb2 e6 15. Ng3 Nce7 16. Ba3 Rfe8 17. Bxe7 Nxe7 18. Qd2 Rc7 19. Rac1 Rec8 20. h4 h5 21. Rfd1 Rxc1 22. Rxc1 Rxc1+ 23. Qxc1 Nc6 24. Ne2 Kh7 25. Ng5+ Kg8 26. Qf4 Qc7 27. g4 Qe7 28. gxh5 Bh6 29. hxg6 fxg6 30. Qg4 Bxg5 31. hxg5 Qf7 32. Kf1 Kf8 33. Qh3 Kg8 34. a3 Ne7 35. Kg2 Nf5 36. Qg4 Kg7 37. Ng3 Ne7 38. b4 b5 39. Qf3 Nf5 40. Nxf5+ Qxf5 41. Qe3 Qg4+ 42. Kh2 Qh5+ 43. Kg3 Qd1 44. f3 Qc2 45. Qf4 Qf5 46. Qc1 a6 47. Qc7+ Kg8 48. Qd8+ Qf8 49. Qf6 Qf7 50. Kf2 Kf8 51. Ke3 1/2-1/2

[Event "San Francisco TNM Fall op"]
[Site "San Francisco"]
[Date "2011.11.01"]
[Round "3"]
[White "Chamberlain, Ethan J"]
[Black "Dembling, Arthur"]
[Result "1-0"]
[WhiteElo "1930"]
[BlackElo "1758"]
[PlyCount "39"]
[EventDate "2011.10.18"]
[EventType "swiss"]
[EventRounds "9"]
[EventCountry "USA"]
[SourceTitle "EXT 2016"]
[Source "ChessBase"]
[SourceDate "2015.10.08"]
[SourceVersion "1"]
[SourceVersionDate "2015.10.08"]
[SourceQuality "1"]

1. e4 e6 2. d4 d5 3. Nd2 Be7 4. Bd3 c5 5. dxc5 Nf6 6. Qe2 0-0 7. Ngf3 a5 8. e5 Nfd7 9. Nb3 Na6 10. c3 a4 11. Nbd4 Naxc5 12. Bc2 b6 13. Nc6 Ba6 14. Qd1 Qe8 15. Nxe7+ Qxe7 16. Bxh7+ Kh8 17. Qd4 f5 18. Bg5 Qf7 19. Qh4 Nd3+ 20. Kd2 1-0

[Event "San Francisco TNM Fall op"]
[Site "San Francisco"]
[Date "2011.10.25"]
[Round "2"]
[White "Allen, Tom"]
[Black "Chamberlain, Ethan J"]
[Result "0-1"]
[WhiteElo "1574"]
[BlackElo "1930"]
[PlyCount "52"]
[EventDate "2011.10.18"]
[EventType "swiss"]
[EventRounds "9"]
[EventCountry "USA"]
[SourceTitle "EXT 2016"]
[Source "ChessBase"]
[SourceDate "2015.10.08"]
[SourceVersion "1"]
[SourceVersionDate "2015.10.08"]
[SourceQuality "1"]

1. e4 c5 2. d4 cxd4 3. c3 dxc3 4. Nxc3 e6 5. Nf3 d6 6. Bf4 Nf6 7. Qc2 Be7 8. Bc4 a6 9. 0-0 b5 10. Bd3 e5 11. Bg5 h6 12. Bxf6 Bxf6 13. Rfd1 Bb7 14. Bxb5+ axb5 15. Nxb5 0-0 16. Nxd6 Qb6 17. Rd2 Nc6 18. Rad1 Rxa2 19. Nc4 Qa6 20. Na3 Rxa3 21. bxa3 Qxa3 22. Qb1 Bc8 23. Ra2 Qe7 24. h3 Be6 25. Rb2 Nd4 26. Nd2 Ne2+ 0-1

[Event "San Francisco TNM Litowsky op"]
[Site "San Francisco"]
[Date "2011.09.20"]
[Round "8"]
[White "Gaffagan, Steven"]
[Black "Chamberlain, Ethan J"]
[Result "1-0"]
[WhiteElo "2072"]
[BlackElo "1953"]
[PlyCount "53"]
[EventDate "2011.08.02"]
[EventType "swiss"]
[EventRounds "9"]
[EventCountry "USA"]
[SourceTitle "EXT 2016"]
[Source "ChessBase"]
[SourceDate "2015.10.08"]
[SourceVersion "1"]
[SourceVersionDate "2015.10.08"]
[SourceQuality "1"]

1. e4 c5 2. Nf3 g6 3. h4 h5 4. d4 cxd4 5. c3 d3 6. Bxd3 Nc6 7. 0-0 Qc7 8. Na3 a6 9. Nc4 b5 10. Ne3 Nf6 11. Nd5 Nxd5 12. exd5 Ne5 13. d6 Qxd6 14. Nxe5 Qxe5 15. Qf3 d5 16. Bf4 Qe6 17. Rfe1 Qc6 18. Bg5 Be6 19. a4 Rb8 20. axb5 axb5 21. Ra7 Rb7 22. Rxb7 Qxb7 23. Bxg6 Kd8 24. Bxf7 Bxf7 25. Qxf7 Qd7 26. Rd1 Kc8 27. Rxd5 1-0

[Event "San Francisco TNM Litowsky op"]
[Site "San Francisco"]
[Date "2011.08.30"]
[Round "5"]
[White "Chamberlain, Ethan J"]
[Black "Byambaa, Uyanga"]
[Result "0-1"]
[WhiteElo "1953"]
[BlackElo "2073"]
[PlyCount "64"]
[EventDate "2011.08.02"]
[EventType "swiss"]
[EventRounds "9"]
[EventCountry "USA"]
[SourceTitle "EXT 2016"]
[Source "ChessBase"]
[SourceDate "2015.10.08"]
[SourceVersion "1"]
[SourceVersionDate "2015.10.08"]
[SourceQuality "1"]

1. e4 d5 2. exd5 Nf6 3. Nf3 Nxd5 4. d4 Bg4 5. Be2 e6 6. 0-0 Nc6 7. c4 Nb6 8. b3 Bxf3 9. Bxf3 Nxd4 10. Bxb7 Rb8 11. Be3 c5 12. Ba6 Be7 13. Bxd4 cxd4 14. Bb5+ Nd7 15. Nd2 0-0 16. Bxd7 Qxd7 17. Nf3 Bf6 18. Qd3 Rfe8 19. Rfe1 g6 20. Re4 Rb6 21. Rae1 Bg7 22. a3 a5 23. Ne5 Qc7 24. Qd1 f6 25. Nd3 f5 26. c5 Ra6 27. R4e2 e5 28. b4 axb4 29. Qb3+ Kf8 30. axb4 Rea8 31. Nxe5 Bxe5 32. Rxe5 Qxe5 0-1

[Event "San Francisco TNM Litowsky op"]
[Site "San Francisco"]
[Date "2011.08.09"]
[Round "2"]
[White "Chamberlain, Ethan J"]
[Black "Frank, Robert"]
[Result "1-0"]
[WhiteElo "1953"]
[BlackElo "1375"]
[PlyCount "51"]
[EventDate "2011.08.02"]
[EventType "swiss"]
[EventRounds "9"]
[EventCountry "USA"]
[SourceTitle "EXT 2016"]
[Source "ChessBase"]
[SourceDate "2015.10.08"]
[SourceVersion "1"]
[SourceVersionDate "2015.10.08"]
[SourceQuality "1"]

1. e4 e5 2. Nf3 Nf6 3. d4 Nxe4 4. Bd3 d5 5. Qe2 exd4 6. Nxd4 Qe7 7. 0-0 c5 8. Bb5+ Bd7 9. Nf5 Bxb5 10. Qxb5+ Qd7 11. Qxd7+ Nxd7 12. Re1 g6 13. Ng3 Be7 14. Nxe4 dxe4 15. Rxe4 Nf6 16. Re2 Rd8 17. Nc3 Rd7 18. Bh6 Nh5 19. g4 Nf6 20. Bg7 Rg8 21. Bxf6 Kf8 22. g5 Bxf6 23. gxf6 h5 24. Rae1 Rd8 25. Ne4 b6 26. Nd6 1-0

[Event "San Francisco TNM Spring op"]
[Site "San Francisco"]
[Date "2011.04.12"]
[Round "5"]
[White "Chamberlain, Ethan J"]
[Black "Shakhnazarov, Oleg"]
[Result "0-1"]
[WhiteElo "1829"]
[BlackElo "2160"]
[PlyCount "96"]
[EventDate "2011.03.15"]
[EventType "swiss"]
[EventRounds "8"]
[EventCountry "USA"]
[SourceTitle "EXT 2012"]
[Source "ChessBase"]
[SourceDate "2011.11.24"]
[SourceVersion "1"]
[SourceVersionDate "2011.11.24"]
[SourceQuality "1"]

1. e4 e6 2. d4 d5 3. Nd2 Be7 4. Bd3 Nf6 5. e5 Nfd7 6. Qg4 g6 7. h4 c5 8. h5 g5 9. c3 h6 10. Ne2 Nc6 11. Bb5 Qb6 12. a4 a6 13. Bxc6 Qxc6 14. 0-0 f5 15. exf6 Nxf6 16. Qg3 0-0 17. Qd3 Qe8 18. Qg6+ Qxg6 19. hxg6 Kg7 20. a5 Bd7 21. Nf3 Ng4 22. Be3 Bb5 23. Rfe1 c4 24. Ng3 Kxg6 25. Nf1 Bd6 26. N1h2 Nf6 27. Re2 Rae8 28. Bc1 Ne4 29. Ng4 Kg7 30. Nge5 Rf5 31. Be3 Ref8 32. Rf1 h5 33. Ra1 h4 34. Ng4 Be8 35. Nfe5 Bh5 36. Rc2 Bxe5 37. Nxe5 g4 38. Nd7 R8f7 39. Ne5 R7f6 40. Nd7 Rf7 41. Ne5 Rc7 42. Ra4 Be8 43. Rb4 g3 44. f3 Nd6 45. Rb6 Bc6 46. Nxc6 Rxc6 47. Rxc6 bxc6 48. Rc1 Nb5 0-1

[Event "San Francisco TNM Fall op"]
[Site "San Francisco"]
[Date "2010.11.02"]
[Round "3"]
[White "Chamberlain, Ethan J"]
[Black "Klinetobe, David"]
[Result "0-1"]
[WhiteElo "1703"]
[BlackElo "2010"]
[PlyCount "58"]
[EventDate "2010.10.20"]
[EventType "swiss"]
[EventRounds "9"]
[EventCountry "USA"]
[SourceTitle "EXT 2012"]
[Source "ChessBase"]
[SourceDate "2011.11.24"]
[SourceVersion "1"]
[SourceVersionDate "2011.11.24"]
[SourceQuality "1"]

1. e4 e6 2. d4 d5 3. Nc3 Nf6 4. e5 Nfd7 5. f4 c5 6. Nf3 Nc6 7. Be3 a6 8. Qd2 b5 9. Bd3 c4 10. Be2 b4 11. Nd1 c3 12. bxc3 bxc3 13. Qc1 Qa5 14. 0-0 Ba3 15. Qb1 Rb8 16. Qb3 Rxb3 17. axb3 Nb4 18. Ne1 0-0 19. Bc1 Qc7 20. Bxa3 Qb6 21. Bc1 a5 22. Be3 Qc7 23. Nf2 Nb8 24. Bb5 Qb6 25. Ba4 Ba6 26. Nfd3 Nxc2 27. Nxc2 Bxd3 28. Rf2 Rc8 29. Rd1 Bb5 0-1

[Event "San Francisco TNM Fall op"]
[Site "San Francisco"]
[Date "2009.12.15"]
[Round "9"]
[White "Chamberlain, Ethan J"]
[Black "Olson, David L"]
[Result "0-1"]
[WhiteElo "1360"]
[BlackElo "1641"]
[PlyCount "78"]
[EventDate "2009.10.20"]
[EventType "swiss"]
[EventRounds "9"]
[EventCountry "USA"]
[SourceTitle "EXT 2012"]
[Source "ChessBase"]
[SourceDate "2011.11.24"]
[SourceVersion "1"]
[SourceVersionDate "2011.11.24"]
[SourceQuality "1"]

1. b4 e5 2. Bb2 Nc6 3. b5 Nd4 4. e3 Ne6 5. Bxe5 Nf6 6. Nf3 Bc5 7. Be2 0-0 8. c4 d5 9. cxd5 Nxd5 10. 0-0 b6 11. Qb3 Bb7 12. Nc3 Ne7 13. d4 Bd6 14. Rfd1 Ng6 15. Bxd6 Qxd6 16. Nd2 Kh8 17. Bf3 Bxf3 18. Nxf3 f5 19. Rac1 f4 20. e4 c5 21. d5 Nc7 22. Re1 Rae8 23. Nb1 Qd7 24. a4 Ne5 25. Nbd2 Rf6 26. Nxe5 Rxe5 27. Nc4 Rg5 28. Rcd1 f3 29. g3 Qh3 30. Qxf3 Rxf3 31. d6 Rh5 32. Rd2 Ne6 33. d7 Qxh2+ 34. Kf1 Nd8 35. e5 Qxg3 36. e6 Rh1+ 37. Ke2 Qxf2+ 38. Kd1 Rxe1+ 39. Kc2 Qh4 0-1

[Event "San Francisco TNM Fall op"]
[Site "San Francisco"]
[Date "2009.12.01"]
[Round "7"]
[White "Chamberlain, Ethan J"]
[Black "Mar, Henry"]
[Result "1-0"]
[WhiteElo "1360"]
[BlackElo "1500"]
[PlyCount "69"]
[EventDate "2009.10.20"]
[EventType "swiss"]
[EventRounds "9"]
[EventCountry "USA"]
[SourceTitle "EXT 2012"]
[Source "ChessBase"]
[SourceDate "2011.11.24"]
[SourceVersion "1"]
[SourceVersionDate "2011.11.24"]
[SourceQuality "1"]

1. b4 a6 2. Bb2 b5 3. Nf3 Bb7 4. e3 e6 5. a4 c6 6. Be2 Nf6 7. Bxf6 Qxf6 8. c3 Bxb4 9. 0-0 Bd6 10. d4 0-0 11. Nbd2 Bc7 12. Ne4 Qe7 13. c4 bxc4 14. Rb1 Ra7 15. Nc5 Bc8 16. Bxc4 d6 17. Nd3 a5 18. Qc2 Bb7 19. Rfe1 Qd7 20. e4 Ba6 21. Ba2 Bxd3 22. Qxd3 Na6 23. Ng5 Nb4 24. Qh3 h6 25. Rxb4 hxg5 26. Rb3 Qe7 27. Qh5 f6 28. Rh3 d5 29. exd5 Qb4 30. Qh7+ Kf7 31. dxe6+ Ke8 32. Qg6+ Kd8 33. e7+ Kd7 34. Qf5+ Ke8 35. Qc8+ 1-0

[Event "San Francisco TNM Fall op"]
[Site "San Francisco"]
[Date "2009.11.10"]
[Round "4"]
[White "Chamberlain, Ethan J"]
[Black "Yamamoto, Craig"]
[Result "1-0"]
[WhiteElo "1360"]
[BlackElo "1651"]
[PlyCount "44"]
[EventDate "2009.10.20"]
[EventType "swiss"]
[EventRounds "9"]
[EventCountry "USA"]
[SourceTitle "EXT 2012"]
[Source "ChessBase"]
[SourceDate "2011.11.24"]
[SourceVersion "1"]
[SourceVersionDate "2011.11.24"]
[SourceQuality "1"]

1. b4 b6 2. Bb2 Bb7 3. Nf3 d5 4. e3 e6 5. Be2 Nf6 6. b5 a6 7. a4 Be7 8. 0-0 0-0 9. Ne5 Nfd7 10. f4 g6 11. Ng4 Nf6 12. Ne5 Nfd7 13. Nf3 Bf6 14. Bxf6 Qxf6 15. d4 Qe7 16. Nbd2 Nf6 17. Qe1 Ne4 18. Nxe4 dxe4 19. Ne5 Nd7 20. Ng4 f5 21. Nf2 Nf6 22. c4 a5 1-0

[Event "San Francisco TNM Fall op"]
[Site "San Francisco"]
[Date "2009.11.03"]
[Round "3"]
[White "Askin, David"]
[Black "Chamberlain, Ethan J"]
[Result "1-0"]
[WhiteElo "1749"]
[BlackElo "1360"]
[PlyCount "95"]
[EventDate "2009.10.20"]
[EventType "swiss"]
[EventRounds "9"]
[EventCountry "USA"]
[SourceTitle "EXT 2012"]
[Source "ChessBase"]
[SourceDate "2011.11.24"]
[SourceVersion "1"]
[SourceVersionDate "2011.11.24"]
[SourceQuality "1"]

1. Nf3 d5 2. d4 e6 3. c4 c6 4. Nc3 Bd6 5. Qc2 Nd7 6. e4 dxe4 7. Nxe4 Be7 8. Bd3 Ngf6 9. Nxf6+ Nxf6 10. 0-0 0-0 11. Bg5 h6 12. Bh4 g5 13. Bg3 g4 14. Ne5 Nh5 15. Nxg4 Nxg3 16. hxg3 h5 17. Ne5 Qxd4 18. Nf3 Qg7 19. Rfe1 Kh8 20. Qe2 f5 21. Ne5 Qg5 22. Qf3 Kg7 23. Be2 Rh8 24. Rad1 Bf6 25. Nxc6 Bxb2 26. Nd4 e5 27. Nb5 e4 28. Qb3 Qf6 29. Rd6 Qe5 30. Rb1 a6 31. Rd5 Qf6 32. Nc7 Bd4 33. Rxd4 Qxd4 34. Nxa8 b5 35. cxb5 Qa7 36. Qc3+ Kh7 37. Qc7+ Qxc7 38. Nxc7 axb5 39. Nxb5 Kg6 40. a4 Rd8 41. Ra1 Ba6 42. Nc3 Rd6 43. Bxa6 Rxa6 44. a5 Kf6 45. Nd5+ Ke5 46. Nc7 Ra7 47. a6 Kf6 48. Nb5 1-0

[Event "San Francisco TNM Fall op"]
[Site "San Francisco"]
[Date "2009.10.20"]
[Round "1"]
[White "Goodall, Michael"]
[Black "Chamberlain, Ethan J"]
[Result "0-1"]
[WhiteElo "1800"]
[BlackElo "1360"]
[PlyCount "98"]
[EventDate "2009.10.20"]
[EventType "swiss"]
[EventRounds "9"]
[EventCountry "USA"]
[SourceTitle "EXT 2012"]
[Source "ChessBase"]
[SourceDate "2011.11.24"]
[SourceVersion "1"]
[SourceVersionDate "2011.11.24"]
[SourceQuality "1"]

1. e4 c5 2. Nf3 g6 3. d4 cxd4 4. Qxd4 Nf6 5. e5 Nc6 6. Qc3 Nd5 7. Qb3 Nc7 8. Bc4 e6 9. Bd2 Bg7 10. Qe3 d5 11. Bb3 0-0 12. Bc3 Nb5 13. Nd4 Nbxd4 14. Bxd4 Nxd4 15. Qxd4 Qg5 16. f4 Qxg2 17. Rg1 Qxh2 18. Nd2 Qh4+ 19. Ke2 b6 20. Nf3 Qe7 21. Ng5 h6 22. Nf3 Ba6+ 23. Kd2 Rac8 24. Rae1 Qc5 25. c3 Bc4 26. Rg2 Bxb3 27. axb3 Qxd4+ 28. Nxd4 Kh7 29. b4 Rh8 30. Ra1 Ra8 31. Nb5 a6 32. Nc7 Ra7 33. Nxa6 b5 34. Ra3 Rha8 35. Nc5 Rxa3 36. bxa3 Rxa3 37. Kd3 Ra7 38. Nb3 f6 39. Re2 fxe5 40. fxe5 Rb7 41. Nd4 Rb6 42. Nf3 g5 43. Kd4 Rc6 44. Rc2 Rc4+ 45. Kd3 g4 46. Nd4 Bxe5 47. Nxb5 Kg6 48. Nd4 Bxd4 49. cxd4 Rxb4 0-1